| 000 | 00000nas 2200000za 4500 |
| 001 | 9.844187 |
| 003 | CaOODSP |
| 005 | 20221107152705 |
| 007 | cr ||||||||||| |
| 008 | 170920d19541979oncmr p oss f0###a0eng|d |
| 022 | |y0318-7969 |
| 040 | |aCaOODSP|beng |
| 041 | |aeng|afre |
| 043 | |an-cn--- |
| 086 | 1 |aCS26-005-PDF |
| 245 | 00|aIron ore |h[electronic resource] / |cprepared in the Mining, Metallurgical and Chemical Section, Industry and Merchandising Division. |
| 246 | 13|aMinerai de fer|fJan. 1969-Dec. 1978 |
| 260 | |aOttawa : |bDominion Bureau of Statistics, |c1954-1979. |
| 310 | |aMonthly |
| 362 | 0 |aVol. 1, no. 1 (Jan. 1954)-v. 25, no. 12 (Dec. 1978). |
| 490 | 0 |aMemorandum |
| 500 | |aDigitized edition from print [produced by Statistics Canada]. |
| 500 | |aCaption title. |
| 515 | |aIssue for Jan. 1959 called v. 5, no. 1 but constitutes v. 6, no. 1. |
| 546 | |aText in English only, Jan. 1954-Dec. 1968; text in English and French, Jan. 1969-Dec. 1978. |
| 550 | |aIssued Feb. 1954-Oct. 1958 by Mineral Statistics Section; Nov. 1958-Mar. 1963 by Industry and Merchandising Division; Apr. 1963-Dec. 1966 by Industry Division; Jan. 1967-Dec. 1971 by Manufacturing and Primary Industries Division; Jan. 1972-Dec. 1978 by Statistics Canada, Manufacturing and Primary Industries Division. |
| 692 | 07|2gccst|aMetalworking industry |
| 710 | 1 |aCanada. |bDominion Bureau of Statistics. |bMining, Metallurgical and Chemical Section. |
| 710 | 1 |aCanada. |bDominion Bureau of Statistics.|bMineral Statistics Section. |
| 710 | 1 |aCanada. |bDominion Bureau of Statistics. |bIndustry Division. |
| 710 | 1 |aCanada. |bDominion Bureau of Statistics. |bIndustry and Merchandising Division. |
| 710 | 1 |aCanada. |bDominion Bureau of Statistics. |bManufacturing and Primary Industries Division. |
| 710 | 1 |aCanada. |bStatistics Canada. |bManufacturing and Primary Industries Division. |
| 792 | |tIron ore |efre|w(CaOODSP)9.844189 |